[Event "Lovfalds EMT 20th E"]
[Site "Ringsted"]
[Date "2006.09.17"]
[Round "5"]
[White "Jorgensen, Alexander Torp"]
[Black "Hansen, Svend"]
[Result "0-1"]
[WhiteElo "1051"]
[BlackElo "1303"]
[PlyCount "104"]
[EventDate "2006.09.15"]
[EventType "swiss"]
[EventRounds "5"]
[EventCountry "DEN"]
[SourceTitle "EXT 2023"]
[Source "ChessBase"]
[SourceDate "2022.10.05"]
[SourceVersion "1"]
[SourceVersionDate "2022.10.05"]
[SourceQuality "1"]

1. d4 d5 2. Bf4 e6 3. c3 Nd7 4. e3 Ngf6 5. Bd3 Be7 6. Bc2 a6 7. Nf3 h6 8. 0-0 c5 9. dxc5 Nxc5 10. b4 Ncd7 11. Ne5 Nxe5 12. Bxe5 Bd6 13. Bxf6 Qxf6 14. Qd3 b5 15. a4 Bd7 16. Nd2 Rc8 17. Nb1 Bc6 18. f4 Bd7 19. a5 Bxb4 20. cxb4 Qxa1 21. Na3 Qc3 22. Rb1 Qxd3 23. Bxd3 Rc3 24. Nc2 Rxd3 25. Re1 0-0 26. Kf2 Rd2+ 27. Re2 Rxe2+ 28. Kxe2 Rc8 29. Nd4 Rc4 30. Nb3 Rxb4 31. Nc5 Bc8 32. g4 Rc4 33. Nb3 Rc2+ 34. Kf3 Rxh2 35. g5 hxg5 36. fxg5 e5 37. e4 d4 38. Nc5 Rh3+ 39. Ke2 Rc3 40. Nd3 f6 41. gxf6 gxf6 42. Nf2 b4 43. Nd1 Ra3 44. Nf2 b3 45. Nd1 Kf7 46. Kd2 Be6 47. Kc1 d3 48. Nf2 Bc4 49. Nd1 Ke6 50. Ne3 Bb5 51. Kb2 Ra2+ 52. Kxb3 Re2 0-1

[Event "Lovfalds EMT 20th E"]
[Site "Ringsted"]
[Date "2006.09.15"]
[Round "1"]
[White "Jakobsen, Henning"]
[Black "Hansen, Svend"]
[Result "0-1"]
[WhiteElo "1287"]
[BlackElo "1303"]
[PlyCount "112"]
[EventDate "2006.09.15"]
[EventType "swiss"]
[EventRounds "5"]
[EventCountry "DEN"]
[SourceTitle "EXT 2023"]
[Source "ChessBase"]
[SourceDate "2022.10.05"]
[SourceVersion "1"]
[SourceVersionDate "2022.10.05"]
[SourceQuality "1"]

1. d4 d5 2. c4 e6 3. Nc3 Nf6 4. Nf3 Nbd7 5. Bg5 Be7 6. e3 a6 7. cxd5 exd5 8. Bd3 h6 9. Bxf6 Nxf6 10. Ne5 c6 11. 0-0 Be6 12. h3 0-0 13. Rc1 Nh7 14. Qc2 Ng5 15. Kh1 f5 16. Ng6 Rf6 17. Nf4 Bd6 18. h4 Bxf4 19. exf4 Ne4 20. Ne2 Rg6 21. g3 Qe7 22. f3 Nxg3+ 23. Nxg3 Qxh4+ 24. Kg1 Qxg3+ 25. Kh1 Qxf4 26. Qf2 Rg5 27. Rc2 Rh5+ 28. Kg1 Qg5+ 29. Qg2 Qe3+ 30. Qf2 Rg5+ 31. Kh1 Qxd3 32. Re2 Re8 33. Rg1 Rh5+ 34. Kg2 Rg5+ 35. Kf1 Rxg1+ 36. Qxg1 Qd1+ 37. Kf2 Qxd4+ 38. Kf1 Qxg1+ 39. Kxg1 Kf7 40. Re3 f4 41. Rb3 Re7 42. Rb4 g5 43. Kf2 Kf6 44. Ke2 Bf5+ 45. Kd2 h5 46. a4 h4 47. a5 h3 48. Ra4 Re3 49. Rb4 Bc8 50. Ra4 Rxf3 51. Ke2 h2 52. Ra1 Rh3 53. Rh1 Rb3 54. Rb1 Bg4+ 55. Kf2 Bf3 56. Re1 g4 0-1

[Event "Lovfalds EMT 19th D"]
[Site "Ringsted"]
[Date "2005.09.17"]
[Round "3"]
[White "Hansen, Svend"]
[Black "Skydsgaard, Sune"]
[Result "0-1"]
[WhiteElo "1312"]
[BlackElo "1427"]
[PlyCount "134"]
[EventDate "2005.09.16"]
[EventType "tourn"]
[EventRounds "5"]
[EventCountry "DEN"]
[SourceTitle "EXT 2023"]
[Source "ChessBase"]
[SourceDate "2022.10.05"]
[SourceVersion "1"]
[SourceVersionDate "2022.10.05"]
[SourceQuality "1"]

1. d4 d5 2. Nf3 Nf6 3. e3 g6 4. Nbd2 Bg7 5. c4 0-0 6. Be2 b6 7. b3 Bb7 8. 0-0 Nbd7 9. Bb2 c5 10. cxd5 Nxd5 11. Rb1 Rc8 12. e4 N5f6 13. d5 Re8 14. Re1 Nh5 15. Bxg7 Nxg7 16. Nc4 Rf8 17. Nce5 Nxe5 18. Nxe5 f5 19. Bc4 fxe4 20. Rxe4 Qd6 21. Qg4 Ne8 22. Ree1 Nf6 23. Qe6+ Qxe6 24. dxe6 Ne4 25. Rb2 Nd6 26. Be2 Nf5 27. Bf3 Bxf3 28. Nxf3 Rcd8 29. Ne5 Rd6 30. Nf7 Rd5 31. Rbe2 Nd4 32. Re5 Rxe5 33. Rxe5 Kg7 34. Re4 Nxe6 35. Rxe6 Kxf7 36. Rc6 Rd8 37. Kf1 Rd2 38. a3 Rb2 39. Rc7 Rxb3 40. Rxa7 Ke6 41. a4 c4 42. a5 b5 43. a6 c3 44. Rc7 b4 45. a7 Ra3 46. Ke2 Kd6 47. Rc4 Rxa7 48. Rxb4 Ra2+ 49. Ke3 Kd5 50. Rb1 Kc4 51. h4 Rb2 52. Rc1 Kb3 53. g4 Rc2 54. Rb1+ Ka2 55. Rb7 Rb2 56. Rxe7 Kb1 57. Kd3 c2 58. Re1+ c1Q 59. Rxc1+ Kxc1 60. Ke3 Rb3+ 61. Kf4 Kd2 62. Kg5 Kd3 63. Kh6 Rb7 64. f4 Ke4 65. Kg5 Rb5+ 66. Kh6 Kxf4 67. h5 Kxg4 0-1

[Event "Lovfalds EMT 19th D"]
[Site "Ringsted"]
[Date "2005.09.16"]
[Round "1"]
[White "Hansen, Svend"]
[Black "Jensen, Henrik"]
[Result "0-1"]
[WhiteElo "1312"]
[BlackElo "1277"]
[PlyCount "90"]
[EventDate "2005.09.16"]
[EventType "tourn"]
[EventRounds "5"]
[EventCountry "DEN"]
[SourceTitle "EXT 2023"]
[Source "ChessBase"]
[SourceDate "2022.10.05"]
[SourceVersion "1"]
[SourceVersionDate "2022.10.05"]
[SourceQuality "1"]

1. d4 d5 2. Nf3 Nf6 3. e3 a6 4. a3 e6 5. Nbd2 Bd6 6. Bd3 Nbd7 7. c4 c6 8. c5 Bc7 9. b4 e5 10. dxe5 Nxe5 11. Qc2 Bg4 12. Nxe5 Bxe5 13. Bb2 Qc7 14. Bxe5 Qxe5 15. 0-0 0-0 16. Rae1 Rad8 17. e4 Bh5 18. f4 Qd4+ 19. Kh1 dxe4 20. Nxe4 Qxd3 21. Nxf6+ gxf6 22. Qb2 Qd4 23. Qxd4 Rxd4 24. Re7 Rb8 25. Re3 Rbd8 26. Rg3+ Kh8 27. Rh3 Rd1 28. Kg1 Rxf1+ 29. Kxf1 Rd1+ 30. Kf2 Bg4 31. Rh4 Bf5 32. g4 Bb1 33. Rh3 Rd3 34. Rxd3 Bxd3 35. Ke3 Bb5 36. h4 Kg7 37. f5 h5 38. Kf4 hxg4 39. Kxg4 Kh6 40. Kf4 Kh5 41. Kg3 Bf1 42. Kf2 Kxh4 43. Kxf1 Kg4 44. a4 Kxf5 45. b5 axb5 0-1

[Event "Lovfalds 14th D"]
[Site "Ringsted"]
[Date "2000.09.17"]
[Round "5"]
[White "Jensen, Soren3333"]
[Black "Hansen, Svend"]
[Result "1-0"]
[WhiteElo "1542"]
[BlackElo "1559"]
[PlyCount "23"]
[EventDate "2000.09.15"]
[EventType "tourn"]
[EventRounds "5"]
[EventCountry "DEN"]
[SourceTitle "EXT 2023"]
[Source "ChessBase"]
[SourceDate "2022.10.05"]
[SourceVersion "1"]
[SourceVersionDate "2022.10.05"]
[SourceQuality "1"]

1. e4 e5 2. Nf3 d6 3. Bc4 Be7 4. d3 Nd7 5. Nc3 Nb6 6. Bb3 Bg4 7. h3 Bxf3 8. Qxf3 Nf6 9. Be3 c6 10. d4 d5 11. dxe5 d4 12. 0-0-0 1-0

[Event "Lovfalds 12th E"]
[Site "Ringsted"]
[Date "1998.09.19"]
[Round "2"]
[White "Berg, Casper"]
[Black "Hansen, Svend"]
[Result "0-1"]
[WhiteElo "1500"]
[BlackElo "1428"]
[PlyCount "66"]
[EventDate "1998.09.18"]
[EventType "tourn"]
[EventRounds "5"]
[EventCountry "DEN"]
[SourceTitle "EXT 2023"]
[Source "ChessBase"]
[SourceDate "2022.10.05"]
[SourceVersion "1"]
[SourceVersionDate "2022.10.05"]
[SourceQuality "1"]

1. e4 e5 2. Nf3 Nc6 3. d4 exd4 4. Nxd4 Nxd4 5. Qxd4 d6 6. Nc3 Nf6 7. Bd3 Be7 8. b3 Ng4 9. Nd5 Ne5 10. Bb2 Bd7 11. f4 Bh4+ 12. Kd2 c6 13. Nc7+ Qxc7 14. fxe5 Be7 15. exd6 Bxd6 16. g3 Qa5+ 17. c3 Qg5+ 18. Kc2 Bc5 19. h4 Bxd4 20. hxg5 Be5 21. Rhg1 0-0-0 22. Bc4 f6 23. gxf6 Bxf6 24. Rae1 Bg4 25. e5 Bf5+ 26. Bd3 Bxd3+ 27. Kd1 Bg5 28. Bc1 Bf5+ 29. Ke2 Bg4+ 30. Kf2 Bxc1 31. Rxc1 Rd2+ 32. Ke3 Re2+ 33. Kf4 Be6 0-1